El futuro en vuelo
Gorde:
| Egile nagusia: | |
|---|---|
| Formatua: | Liburua |
| Hizkuntza: | Undetermined |
| Argitaratua: |
San José, Costa Rica
Imprenta Borrasé
1960
|
| Gaiak: | |
| Etiketak: |
Etiketa erantsi
Etiketarik gabe, Izan zaitez lehena erregistro honi etiketa jartzen!
|
MARC
| LEADER | 00000nam a2200000Ia 4500 | ||
|---|---|---|---|
| 008 | 170316s9999 xx 000 0 und d | ||
| 040 | |a cru BVZT | ||
| 090 | |a 868 F-8f | ||
| 100 | |a Fernández Guell, Federico | ||
| 245 | |a El futuro en vuelo | ||
| 260 | |a San José, Costa Rica | ||
| 260 | |b Imprenta Borrasé | ||
| 260 | |c 1960 | ||
| 300 | |a 138 páginas | ||
| 650 | |a LITERATURA COSTARRICENSE | ||
| 650 | |a DR. JOSÉ MARÍA CASTRO MADRIZ | ||
| 650 | |a DOÑA PACÍFICA FERNÁNDEZ OREAMUNO | ||
| 650 | |a POESÍA | ||
| 999 | |c 11058 |d 11058 | ||
| 942 | |c 15 D |h 868 F-8f |2 z | ||
